Finance : (Record no. 22143)
[ view plain ]
| 000 -LEADER | |
|---|---|
| fixed length control field | 01064cam a22003255a 4500 |
| 001 - CONTROL NUMBER | |
| control field | 016621325 |
| 003 - CONTROL NUMBER IDENTIFIER | |
| control field | Uk |
| 005 - DATE AND TIME OF LATEST TRANSACTION | |
| control field | 20201128023804.0 |
| 008 - FIXED-LENGTH DATA ELEMENTS--GENERAL INFORMATION | |
| fixed length control field | 140129s2015 nyua fr |0|1 0|eng|d |
| 015 ## - NATIONAL BIBLIOGRAPHY NUMBER | |
| National bibliography number | GBB413231 |
| Source | bnb |
| 016 7# - NATIONAL BIBLIOGRAPHIC AGENCY CONTROL NUMBER | |
| Record control number | 016621325 |
| Source | Uk |
| 020 ## - INTERNATIONAL STANDARD BOOK NUMBER | |
| International Standard Book Number | 9781259252228 |
| 020 ## - INTERNATIONAL STANDARD BOOK NUMBER | |
| International Standard Book Number | 1259252221 |
| 040 ## - CATALOGING SOURCE | |
| Original cataloging agency | StDuBDS |
| Language of cataloging | eng |
| Transcribing agency | StDuBDS |
| Modifying agency | EG-ScBUE |
| 042 ## - AUTHENTICATION CODE | |
| Authentication code | ukblsr |
| 082 04 - DEWEY DECIMAL CLASSIFICATION NUMBER | |
| Edition number | 22 |
| Classification number | 332 |
| Item number | COR |
| 100 1# - MAIN ENTRY--PERSONAL NAME | |
| Personal name | Cornett, Marcia Millon. |
| 9 (RLIN) | 13151 |
| 245 10 - TITLE STATEMENT | |
| Title | Finance : |
| Remainder of title | applications & theory / |
| Statement of responsibility, etc | Marcia Millon Cornett, Troy A. Adair, John Nofsinger. |
| 250 ## - EDITION STATEMENT | |
| Edition statement | 3rd ed., international student ed. |
| 260 ## - PUBLICATION, DISTRIBUTION, ETC. (IMPRINT) | |
| Place of publication, distribution, etc | New York : |
| Name of publisher, distributor, etc | McGraw-Hill Education, |
| Date of publication, distribution, etc | c.2015. |
| 300 ## - PHYSICAL DESCRIPTION | |
| Extent | xxxviii, 725 p. : |
| Other physical details | col. ill. ; |
| Dimensions | 28 cm. |
| 490 0# - Series Statement | |
| Series statement | The McGraw-Hill/Irwin series in finance, insurance and real estate |
| 500 ## - GENERAL NOTE | |
| General note | Index : p. 717-725. |
| 650 #7 - SUBJECT ADDED ENTRY--TOPICAL TERM | |
| Topical term or geographic name as entry element | Finance. |
| Source of heading or term | BUEsh |
| 9 (RLIN) | 1509 |
| 651 ## - SUBJECT ADDED ENTRY--GEOGRAPHIC NAME | |
| Source of heading or term | BUEsh |
| 653 ## - INDEX TERM--UNCONTROLLED | |
| Resource For college | BAEPS, Business Administration |
| Arrived date list | August 2016 |
| 700 1# - ADDED ENTRY--PERSONAL NAME | |
| Personal name | Adair, Troy A. |
| Fuller form of name | (Troy Alton), |
| Dates associated with a name | 1964- |
| 9 (RLIN) | 36534 |
| 700 1# - ADDED ENTRY--PERSONAL NAME | |
| Personal name | Nofsinger, John R. |
| 9 (RLIN) | 36535 |
| 942 ## - ADDED ENTRY ELEMENTS (KOHA) | |
| Source of classification or shelving scheme | Dewey Decimal Classification |
| Edition | 22 |
| Call number prefix | 332 COR |
| Withdrawn status | Item status | Source of classification or shelving scheme | Damaged status | Not for loan | Vendor | Home library | Current library | Shelving location | Date acquired | Source of acquisition | Cost, normal purchase price | Serial Enumeration / chronology | Total Checkouts | Total Renewals | Full call number | Barcode | Date last seen | Date last borrowed | Cost, replacement price | Koha item type |
|---|---|---|---|---|---|---|---|---|---|---|---|---|---|---|---|---|---|---|---|---|
| Dewey Decimal Classification | Baccah | Central Library | Central Library | First floor | 09/08/2016 | Purchase | 394.00 | 25846 | 8 | 68 | 332 COR | 000033131 | 15/07/2025 | 29/11/2021 | 492.50 | Book - Borrowing |